| 000 | 00750nam a22002177a 4500 | ||
|---|---|---|---|
| 003 | 0 | ||
| 005 | 20250923102155.0 | ||
| 008 | 250923b xxu||||| |||| 00| 0 eng d | ||
| 020 | _a978-1-03-281847-4 | ||
| 050 |
_aHD 58.7 _b.B43 2025 |
||
| 100 |
_aBhattacharyya, Dipak Kumar, _eauthor. |
||
| 245 |
_aOrganizational structure and design : _btext and cases / _cDipak Kumar Bhattacharyya. |
||
| 260 |
_aNew York, NY : _bRoutledge, _c2025. |
||
| 300 |
_ax, 301 pages : _billustrations ; _c24 cm. |
||
| 504 | _aIncludes bibliographical references and index. | ||
| 650 | _aOrganizational behavior. | ||
| 650 | _aOrganizational effectiveness. | ||
| 650 | _aOrganizational structure. | ||
| 650 |
_aIndustrial management _xCase studies. |
||
| 942 |
_2lcc _cBK |
||
| 999 |
_c368066 _d368066 |
||